Statistiques concernant Quiz sur les États-Unis

Cliquez ici pour prendre le quiz!

Statistiques générales

  • Ce quiz a été pris 28 493 fois
  • Le résultat moyen est 15 sur 24

Statistiques - réponses

QuestionRéponse% Correct
Pays frontaliersCanada
99%
Pays frontaliersMexique
99%
CapitaleWashington
99%
Quatre villes les plus peupléesNew York City
96%
Nombre d'états50
91%
Quatre villes les plus peupléesLos Angeles
91%
Premier Homme sur la LuneNeil Armstrong
78%
Principaux partis politiquesRépublicains
78%
Principaux partis politiquesDémocrates
75%
État entièrement insulaireHawaï
71%
Quatre villes les plus peupléesChicago
68%
Plus grand état par la superficieAlaska
67%
Plus long cours d'eauMississippi / Missouri
66%
Sculpture représentant 4 présidents
importants des États-Unis
Mont Rushmore
57%
Parcs nationaux majeurs
commençant par un Y
Yellowstone
55%
Guerre ayant fait le plus
de victimes américaines
Guerre de Sécession
54%
Athlète olympique le plus médailléMichael Phelps
46%
Plus petit état par la superficieRhode Island
46%
Quatre villes les plus peupléesHouston
35%
Lieu où l'on a enregistré la
température la plus élevée sur Terre
Vallée de la Mort
33%
Parcs nationaux majeurs
commençant par un Y
Yosemite
32%
Plus grand lac baignant les États-UnisLac Supérieur
27%
Point culminantDenali
14%
Hymne nationalThe Star-Spangled Banner
14%

Distribution des résultats

Percentile par nombre de réponses

% des personnes avec chaque résultat

Votre développement - résultats

Vous n’avez pas pris ce quiz